| 000 | 00363nab a22001097u 4500 | ||
|---|---|---|---|
| 008 | 130520b1988 xxu||||| |||| 00| 0 spa d | ||
| 041 | _aspa | ||
| 100 | 1 |
_aMcdonagh, Enda _93333 |
|
| 245 | 0 | 0 |
_aResistencia liberadora y valores del reino entre el Primero y el Tercer Mundo _cEnda Mcdonagh |
| 773 | 0 |
_tConcilium _gV.1,1988,págs.95-104 _x0210-1041 _wRev134 |
|
| 942 | _cAR | ||
| 999 |
_c355377 _d355377 |
||